000 00439nam a2200181Ia 4500
001 17168
005 20260306170405.0
008 260306t2011||||xx |||||||||||||| ||und||
041 _aESP
082 _a657.48
_bG96
100 _aGutiérrez Viguera, Manuel
_eAUT
245 0 _aAnálisis contable para directivos
260 _c2011
300 _a595 páginas :
_c25 cm.
650 _aGEN
654 _aCCO
942 _cLIB
_dJUS
_fJUS
_2ddc
_n
999 _c17168
_d17168